000 01043nam a2200241 u 4500
001 000601272
003 AM-YeHGA
005 20250617141936.0
008 080925s1978 ||||||||r|||||000|0|rus|d
040 _aAM-YeHGA
041 0 _aRussian
245 0 0 _aФармакология природных веществ /
_cОтв. ред. Б.С. Садритдинов ; АН УзССР, Институт химии растительных веществ.
260 _aТашкент :
_bФан УзССР,
_c1978.
300 _a155 с. :
_bрис., табл. ;
_c22 см.
504 _aСписок лит. в конце ст.
650 1 4 _aБиологически активные вещества
_xХимия
_vСборники
650 1 4 _aСапонины
653 0 _aЛекарства растительные - Сборники
700 1 _aСадритдинов, Б.С.
_eред.
_4edt
710 2 _aИнститут химии растительных веществ АН УзССР
942 _2udc
_cBK
090 _c249650
999 _c248059
_d248059